Statistics for College Football - Team Logos: BIG 10

Click here to take the quiz!

General Stats

  • This quiz has been taken 633 times
    (132 since last reset)
  • The average score is 15 of 18

Answer Stats

QuestionAnswer% Correct
Choose the BIG 10 team:
95%
Choose the BIG 10 team:
94%
Choose the BIG 10 team:
91%
Choose the BIG 10 team:
90%
Choose the BIG 10 team:
90%
Choose the BIG 10 team:
86%
Choose the BIG 10 team:
85%
Choose the BIG 10 team:
85%
Choose the BIG 10 team:
84%
Choose the BIG 10 team:
84%
Choose the BIG 10 team:
82%
Choose the BIG 10 team:
80%
Choose the BIG 10 team:
78%
Choose the BIG 10 team:
77%
Choose the BIG 10 team:
77%
Choose the BIG 10 team:
76%
Choose the BIG 10 team:
75%
Choose the BIG 10 team:
74%

Score Distribution

Percentile by Number Answered

Percent of People with Each Score

Your Score History

You have not taken this quiz since the last reset